| 000 | 01369nam a2200277 4500 | ||
|---|---|---|---|
| 005 | 20240530110343.0 | ||
| 008 | 141123s2008 ua od fr 000 0bara d | ||
| 017 |
_a26919/2008 _2مصر . دار الكتب المصرية |
||
| 020 | _a9774375750 | ||
| 040 | _aEG-CaGPL | ||
| 082 | 0 | 4 |
_221 _a305.42\ _bق/ت ن |
| 100 | 1 | _aتاكر ، جوديث | |
| 245 | 1 |
_aنساء مصر فى القرن التاسع عشر / _cتاليف جوديث تاكر ؛ ترجمة وتقديم هاله كمال |
|
| 250 | _aط1 | ||
| 260 |
_aالقاهرة : _bالمركز القومى للترجمة ، _c2008 |
||
| 300 |
_a448 ص : _bايض ؛ _c24 سم |
||
| 650 | 0 | 4 | _aالمرأة فى مصر |
| 650 | 0 | 4 |
_aالمرأة المصرية _xتاريخ _yالقرن التاسع عشر |
| 650 | 0 | 4 |
_aالمرأة المصرية _xتاريخ _xاحوال اجتماعية _yالقرن التاسع عشر |
| 650 | 0 | 4 |
_aالمرأة المصرية _xتاريخ _xاغانى وموسيقى _yالقرن التاسع عشر |
| 650 | 0 | 4 |
_aالمرأة المصرية _xتاريخ _xالانتاج الزراعى _yالقرن التاسع عشر |
| 650 | 0 | 4 |
_aالمرأة المصرية _xتاريخ _xالرقيق _yالقرن التاسع عشر |
| 700 | 0 |
_aهالة كمال _eمترجم ومقدم |
|
| 942 |
_2ddc _cBK |
||
| 999 |
_c59918 _d59918 |
||